000 00743nam a2200253 u 4500
001 70163
005 20260504075039.0
008 960313s1991 eng
020 _a9780879030780
035 _a70163
035 _a(OCoLC)778195833
040 _ccomduadb
041 _aeng
082 4 _a898
100 1 0 _aWilbert, Johannes
_4aut
_eaut
_9246290
245 1 0 _aFolk literature of the makka indias
260 _aEstados Unidos :
_bUniversity of California,
_c1991.
300 _axvii, 326 páginas
650 7 _aLeyendas indígenas
_2lemb
_939304
650 _aMaca (indígenas) - religión y mitología
_9174379
650 _aFolclor - Paraguay
_98067
700 1 0 _aSimoneau, Karin
_4aut
_eaut
_9256290
942 _cBOOK
999 _c45092
_d45092